Organic chemistry /

Bibliographic Details
Main Author: Morrison, Robert Thornton, 1918-
Other Authors: Boyd, Robert Neilson, Bhattacharjee, S. K.
Format: Book
Language:English
Edition:Seventh edition.
Subjects:
Classic Catalogue: View this record in Classic Catalogue
LEADER 07105nam a2200565 a 4500
001 29698
003 BD-DhAAL
005 20250729170649.0
008 150816r20121992ii a 001 0 eng d
010 |a  91027444  
020 |a 9788131704813 
040 |a DLC  |c DLC  |d DLC  |d BD-DhAAL 
082 0 0 |a 547  |2 20 
100 1 |a Morrison, Robert Thornton,  |d 1918-  |9 13779 
245 1 0 |a Organic chemistry /  |c Robert Thornton Morrison, Robert Neilson Boyd and S. K. Bhattacharjee. 
250 |a Seventh edition. 
264 |a New Delhi :  |b Dorling Kindersley (India),  |c c1992 [reprinted 2012, twenty first impression 2024]. 
300 |a xxviii, 1472 pages :  |b illustrations ;  |c 24 cm 
500 |a First impression 2011 Twentieth impression 2023 
504 |a Includes bibliographical references and index. 
526 |a PHR  |x Dr. Hasina Jesmin, Assistant Dean and Program Director School of Pharmacy Course name : Organic Chemistry I and II (PHR 104 and PHR 109) 
541 1 |e 29698, 43255, 43256, 43257, 43258, 43259, 43260, 43261, 43262, 43263, 43264, 44349, 44350, 44351, 44352, 44353  |a Book Finder International Trim Education 
650 0 |a Chemistry, Organic.  |9 12903 
650 0 |a Pharmacy.  |9 44180 
700 1 |a Boyd, Robert Neilson.  |9 13780 
700 1 |a Bhattacharjee, S. K.  |9 13781 
852 4 |a Ayesha Abed Library   |c General Stacks 
942 |2 ddc  |c BK 
999 |c 35231  |d 35231 
952 |0 0  |1 0  |2 ddc  |4 0  |6 547_000000000000000_MOR  |7 0  |9 55231  |a BRACUL  |b BRACUL  |c GEN  |d 2015-08-16  |e Trim Education  |l 6  |m 43  |o 547 MOR  |p 3010029698  |r 2026-05-21  |s 2026-05-18  |t 1  |w 2015-08-16  |y BK 
952 |0 0  |1 0  |2 ddc  |4 0  |6 547_000000000000000_MOR  |7 0  |9 55233  |a BRACUL  |b BRACUL  |c GEN  |d 2015-08-16  |e Trim Education  |l 4  |m 59  |o 547 MOR  |p 3010029699  |r 2022-10-10  |s 2022-08-08  |t 2  |w 2015-08-16  |y BK 
952 |0 0  |1 0  |2 ddc  |4 0  |6 547_000000000000000_MOR  |7 0  |9 55234  |a BRACUL  |b BRACUL  |c GEN  |d 2015-08-16  |e Trim Education  |l 8  |m 73  |o 547 MOR  |p 3010029700  |r 2026-03-08  |s 2026-03-03  |t 3  |w 2015-08-16  |y BK 
952 |0 0  |1 0  |2 ddc  |4 0  |6 547_000000000000000_MOR  |7 0  |9 55235  |a BRACUL  |b BRACUL  |c GEN  |d 2015-08-16  |e Trim Education  |l 8  |m 57  |o 547 MOR  |p 3010029701  |r 2023-03-27  |s 2023-03-16  |t 4  |w 2015-08-16  |y BK 
952 |0 0  |1 0  |2 ddc  |4 0  |6 547_000000000000000_MOR  |7 0  |9 55236  |a BRACUL  |b BRACUL  |c GEN  |d 2015-08-16  |e Trim Education  |l 11  |m 80  |o 547 MOR  |p 3010029702  |q 2026-06-02  |r 2026-05-09  |s 2026-05-09  |t 5  |w 2015-08-16  |y BK 
952 |0 0  |1 0  |2 ddc  |4 0  |6 547_000000000000000_MOR  |7 0  |9 55237  |a BRACUL  |b BRACUL  |c GEN  |d 2015-08-16  |e Trim Education  |l 13  |m 112  |o 547 MOR  |p 3010029703  |r 2026-04-26  |s 2026-03-07  |t 6  |w 2015-08-16  |y BK 
952 |0 0  |1 0  |2 ddc  |4 0  |6 547_000000000000000_MOR  |7 0  |9 76237  |a BRACUL  |b BRACUL  |c GEN  |d 2024-09-12  |e Book Finder International  |g 1504.00  |l 1  |o 547 MOR  |p 3010043259  |r 2025-02-05  |s 2025-01-12  |t 11  |v 1504.00  |w 2024-09-12  |y BK  |x Requisitioned by Dr. Hasina Jesmin for the course named-"Organic Chemistry I and II (PHR 104 and PHR 109)". 
952 |0 0  |1 0  |2 ddc  |4 0  |6 547_000000000000000_MOR  |7 0  |9 76238  |a BRACUL  |b BRACUL  |c GEN  |d 2024-09-12  |e Book Finder International  |g 1504.00  |l 0  |o 547 MOR  |p 3010043258  |r 2024-09-12  |t 10  |v 1504.00  |w 2024-09-12  |y BK  |x Requisitioned by Dr. Hasina Jesmin for the course named-"Organic Chemistry I and II (PHR 104 and PHR 109)". 
952 |0 0  |1 0  |2 ddc  |4 0  |6 547_000000000000000_MOR  |7 0  |9 76239  |a BRACUL  |b BRACUL  |c GEN  |d 2024-09-12  |e Book Finder International  |g 1504.00  |l 0  |o 547 MOR  |p 3010043256  |r 2024-09-12  |t 8  |v 1504.00  |w 2024-09-12  |y BK  |x Requisitioned by Dr. Hasina Jesmin for the course named-"Organic Chemistry I and II (PHR 104 and PHR 109)". 
952 |0 0  |1 0  |2 ddc  |4 0  |6 547_000000000000000_MOR  |7 0  |9 76240  |a BRACUL  |b BRACUL  |c GEN  |d 2024-09-12  |e Book Finder International  |g 1504.00  |l 1  |m 3  |o 547 MOR  |p 3010043261  |q 2026-05-14  |r 2026-02-25  |s 2026-02-25  |t 13  |v 1504.00  |w 2024-09-12  |y BK  |x Requisitioned by Dr. Hasina Jesmin for the course named-"Organic Chemistry I and II (PHR 104 and PHR 109)". 
952 |0 0  |1 0  |2 ddc  |4 0  |6 547_000000000000000_MOR  |7 0  |9 76241  |a BRACUL  |b BRACUL  |c GEN  |d 2024-09-12  |e Book Finder International  |g 1504.00  |l 1  |m 9  |o 547 MOR  |p 3010043263  |r 2025-02-10  |s 2024-11-25  |t 15  |v 1504.00  |w 2024-09-12  |y BK  |x Requisitioned by Dr. Hasina Jesmin for the course named-"Organic Chemistry I and II (PHR 104 and PHR 109)". 
952 |0 0  |1 0  |2 ddc  |4 0  |6 547_000000000000000_MOR  |7 0  |9 76242  |a BRACUL  |b BRACUL  |c GEN  |d 2024-09-12  |e Book Finder International  |g 1504.00  |l 0  |o 547 MOR  |p 3010043262  |r 2024-09-12  |t 14  |v 1504.00  |w 2024-09-12  |y BK  |x Requisitioned by Dr. Hasina Jesmin for the course named-"Organic Chemistry I and II (PHR 104 and PHR 109)". 
952 |0 0  |1 0  |2 ddc  |4 0  |6 547_000000000000000_MOR  |7 0  |9 76243  |a BRACUL  |b BRACUL  |c GEN  |d 2024-09-12  |e Book Finder International  |g 1504.00  |l 1  |o 547 MOR  |p 3010043260  |r 2024-11-26  |s 2024-11-19  |t 12  |v 1504.00  |w 2024-09-12  |y BK  |x Requisitioned by Dr. Hasina Jesmin for the course named-"Organic Chemistry I and II (PHR 104 and PHR 109)". 
952 |0 0  |1 0  |2 ddc  |4 0  |6 547_000000000000000_MOR  |7 0  |9 76244  |a BRACUL  |b BRACUL  |c GEN  |d 2024-09-12  |e Book Finder International  |g 1504.00  |l 3  |m 29  |o 547 MOR  |p 3010043264  |r 2025-09-24  |s 2025-01-05  |t 16  |v 1504.00  |w 2024-09-12  |y BK  |x Requisitioned by Dr. Hasina Jesmin for the course named-"Organic Chemistry I and II (PHR 104 and PHR 109)". 
952 |0 0  |1 0  |2 ddc  |4 0  |6 547_000000000000000_MOR  |7 0  |9 76245  |a BRACUL  |b BRACUL  |c NEW  |d 2024-09-12  |e Book Finder International  |g 1504.00  |l 1  |m 5  |o 547 MOR  |p 3010043255  |r 2025-11-26  |s 2025-10-16  |t 7  |v 1504.00  |w 2024-09-12  |y BK  |x Requisitioned by Dr. Hasina Jesmin for the course named-"Organic Chemistry I and II (PHR 104 and PHR 109)" 
952 |0 0  |1 0  |2 ddc  |4 0  |6 547_000000000000000_MOR  |7 0  |9 76246  |a BRACUL  |b BRACUL  |c GEN  |d 2024-09-12  |e Book Finder International  |g 1504.00  |l 1  |m 5  |o 547 MOR  |p 3010043257  |r 2025-01-06  |s 2024-11-25  |t 9  |v 1504.00  |w 2024-09-12  |y BK  |x Requisitioned by Dr. Hasina Jesmin for the course named-"Organic Chemistry I and II (PHR 104 and PHR 109)". 
952 |0 0  |1 0  |2 ddc  |4 0  |6 547_000000000000000_MOR  |7 0  |9 77588  |a PHR  |b PHR  |d 2025-04-16  |e Trim Education  |g 1500.00  |l 1  |m 12  |o 547 MOR  |p 3010044350  |r 2026-02-22  |s 2025-11-23  |t 18  |v 1500.00  |w 2025-04-16  |y BK  |x Requisitioned by Dr. Hasina Jesmin for the course named-"Organic Chemistry I and II (PHR 104 and PHR 109)". 
952 |0 0  |1 0  |2 ddc  |4 0  |6 547_000000000000000_MOR  |7 0  |9 77589  |a PHR  |b PHR  |d 2025-04-16  |e Trim Education  |g 1500.00  |l 0  |o 547 MOR  |p 3010044353  |r 2025-04-16  |t 21  |v 1500.00  |w 2025-04-16  |y BK  |x Requisitioned by Dr. Hasina Jesmin for the course named-"Organic Chemistry I and II (PHR 104 and PHR 109)". 
952 |0 0  |1 0  |2 ddc  |4 0  |6 547_000000000000000_MOR  |7 0  |9 77590  |a PHR  |b PHR  |d 2025-04-16  |e Trim Education  |g 1500.00  |l 0  |o 547 MOR  |p 3010044349  |r 2025-04-16  |t 17  |v 1500.00  |w 2025-04-16  |y BK  |x Requisitioned by Dr. Hasina Jesmin for the course named-"Organic Chemistry I and II (PHR 104 and PHR 109)". 
952 |0 0  |1 0  |2 ddc  |4 0  |6 547_000000000000000_MOR  |7 0  |9 77591  |a PHR  |b PHR  |d 2025-04-16  |e Trim Education  |g 1500.00  |l 0  |o 547 MOR  |p 3010044352  |r 2025-04-16  |t 20  |v 1500.00  |w 2025-04-16  |y BK  |x Requisitioned by Dr. Hasina Jesmin for the course named-"Organic Chemistry I and II (PHR 104 and PHR 109)". 
952 |0 0  |1 0  |2 ddc  |4 0  |6 547_000000000000000_MOR  |7 0  |9 77592  |a PHR  |b PHR  |d 2025-04-16  |e Trim Education  |g 1500.00  |l 0  |o 547 MOR  |p 3010044351  |r 2025-04-16  |t 19  |v 1500.00  |w 2025-04-16  |y BK  |x Requisitioned by Dr. Hasina Jesmin for the course named-"Organic Chemistry I and II (PHR 104 and PHR 109)".